| 000 | 00989nam a2200277 i 4500 | ||
|---|---|---|---|
| 003 | DO-SdBNP | ||
| 005 | 20230921085945.0 | ||
| 006 | a||||gr|||| 00| 0 | ||
| 007 | ta | ||
| 008 | 230920t2023 dr ac|||r|||| 00| 0 spa d | ||
| 020 | _a9789945222920 | ||
| 040 |
_aDO-SdBNP _bspa _cBNPHU _erda |
||
| 082 | 4 |
_222 _bE56c |
|
| 245 | 1 | 0 |
_aEnfermedad cardiovascular en la mujer. / _cCoordinadoras, Claudia Almonte, Rafaelina Mercedes; prólogo, Rafael M. Concepción Lantigua |
| 264 | 4 |
_aSanto Domingo : _bBHD, _c2023 |
|
| 300 |
_a321 páginas ; _bIlustraciones, retratos ; _c28 cm. |
||
| 336 |
_2rdacontent _atexto _btxt |
||
| 337 |
_2rdamedia _asin mediación _bn |
||
| 338 |
_2rdacarrier _avolumen _bnc |
||
| 590 | _aInventariado 2023 / MF | ||
| 700 | 1 |
_aConcepción Lantigua, Rafael M. _eprólogo _984212 |
|
| 700 | 1 |
_aAlmonte, Claudia, _ecoordinadora, introducción _984236 |
|
| 710 | 2 |
_aBanco Financiero BHD _958088 |
|
| 710 | 2 |
_aSociedad Dominicana de Cardiología _984213 |
|
| 942 |
_2ddc _cLBS1 |
||
| 999 |
_c54839 _d54839 |
||